Oscar Best Pictures Quiz (1980-2023, Randomized) - Statistics

General Stats
  • This quiz has been taken 182 times
    178 since last reset
  • The average score is 37 of 44
Answer Stats
Year Best Picture % Correct
2001 A Beautiful Mind
93%
1984 Amadeus
93%
2002 Chicago
93%
2022 Everything Everywhere All at Once
93%
2000 Gladiator
93%
2023 Oppenheimer
93%
2019 Parasite
93%
2006 The Departed
93%
2003 The Lord of the Rings: The Return of the King
93%
1999 American Beauty
86%
1995 Braveheart
86%
1981 Chariots of Fire
86%
2021 CODA
86%
2005 Crash
86%
1990 Dances with Wolves
86%
1989 Driving Miss Daisy
86%
1994 Forrest Gump
86%
1982 Gandhi
86%
2004 Million Dollar Baby
86%
2007 No Country for Old Men
86%
2020 Nomadland
86%
1986 Platoon
86%
1988 Rain Man
86%
1993 Schindler's List
86%
1998 Shakespeare in Love
86%
1983 Terms of Endearment
86%
2011 The Artist
86%
1996 The English Patient
86%
1987 The Last Emperor
86%
1991 The Silence of the Lambs
86%
1997 Titanic
86%
1992 Unforgiven
86%
2013 12 Years a Slave
79%
2012 Argo
79%
2014 Birdman
79%
2018 Green Book
79%
2016 Moonlight
79%
1980 Ordinary People
79%
1985 Out of Africa
79%
2008 Slumdog Millionaire
79%
2009 The Hurt Locker
79%
2010 The King's Speech
79%
2017 The Shape of Water
79%
2015 Spotlight
71%
No matching quizzes found
Score Distribution
Percent of People with Each Score
Percentile by Number Answered
Your Score History
You have not taken this quiz since the last reset